000 00248nam a22001097a 4500
999 _c153495
_d153495
082 _a
_b
245 _aMaithilisharan Gupta/
_cby Prabhakar Machvey.
260 _aDelhi:
_bRajpal Prakashan,
_c1993.
300 _a95p.
650 _a
942 _cBK